Country Names Without Vowels #11 - Statistics

General Stats
  • This quiz has been taken 41 times
  • The average score is 12 of 15
Answer Stats
Without Vowels With Vowels % Correct
Sth Kr South Korea
100%
Trky Turkey
100%
Tnzn Tanzania
97%
Btsw Botswana
95%
Djbt Djibouti
95%
Pnm Panama
95%
Blv Bolivia
92%
Mlys Malaysia
92%
St Vncnt Nd Th Grndns St. Vincent And The Grenadines
92%
Mnc Monaco
79%
Fdrtd Stts F Mcrns Federated States Of Micronesia
74%
Tns Tunisia
74%
Mn Oman
54%
Str Austria
51%
Krn Ukraine
31%
No matching quizzes found
Score Distribution
Percent of People with Each Score
Percentile by Number Answered
Your Score History
You have not taken this quiz